[Event "Ontario-ch U20 U1800"]
[Site "Mississauga"]
[Date "2019.01.13"]
[Round "4.17"]
[White "Xu, Alex"]
[Black "Wang, Eric1"]
[Result "1-0"]
[WhiteElo "1456"]
[BlackElo "1579"]
[PlyCount "57"]
[EventDate "2019.01.12"]
[EventType "swiss"]
[EventRounds "5"]
[EventCountry "CAN"]
[SourceTitle "EXT 2022"]
[Source "ChessBase"]
[SourceDate "2021.10.06"]
[SourceVersion "1"]
[SourceVersionDate "2021.10.06"]
[SourceQuality "1"]

1. e4 e5 2. Nf3 Nc6 3. Bc4 Bc5 4. c3 Nf6 5. d4 exd4 6. cxd4 Bb4+ 7. Bd2 Nxe4 8. Bxb4 Nxb4 9. Bxf7+ Kxf7 10. Qb3+ d5 11. Ne5+ Ke6 12. Qxb4 c5 13. Qa4 Qf6 14. Nf3 Bd7 15. Qd1 Bb5 16. Nc3 Ba6 17. Ne2 Raf8 18. 0-0 g5 19. dxc5 g4 20. Nfd4+ Ke7 21. f3 gxf3 22. Rxf3 Qg5 23. Ng3 Rxf3 24. Qxf3 Rf8 25. Nxe4 dxe4 26. Qxe4+ Kd7 27. Qe6+ Kd8 28. Qd6+ Ke8 29. Qxf8+ 1-0

[Event "CAN-ch U08"]
[Site "Sault Ste Marie"]
[Date "2017.07.07"]
[Round "4"]
[White "Xu, Alex"]
[Black "Liu, Eric"]
[Result "0-1"]
[WhiteElo "881"]
[BlackElo "1152"]
[PlyCount "70"]
[EventDate "2017.07.06"]
[EventType "swiss"]
[EventRounds "7"]
[EventCountry "CAN"]
[SourceTitle "EXT 2022"]
[Source "ChessBase"]
[SourceDate "2021.10.06"]
[SourceVersion "1"]
[SourceVersionDate "2021.10.06"]
[SourceQuality "1"]

1. e4 e5 2. Nf3 Nc6 3. Bc4 Bc5 4. c3 Nf6 5. d4 exd4 6. cxd4 Bb4+ 7. Bd2 Nxe4 8. Bxb4 Nxb4 9. Bxf7+ Kxf7 10. Qb3+ d5 11. Qxb4 Re8 12. 0-0 Kg8 13. Nc3 c6 14. Ne5 Qg5 15. Nxe4 dxe4 16. f4 Qe7 17. Qxe7 Rxe7 18. Rae1 Be6 19. a3 Bd5 20. g3 b6 21. Rc1 Rc8 22. b4 Rd8 23. Rxc6 Rxe5 24. Rc7 Ree8 25. Rxa7 Ra8 26. Rd7 Red8 27. Re7 Rxa3 28. Rc1 Kf8 29. Rcc7 Re8 30. Rxg7 e3 31. Kf1 e2+ 32. Ke1 Ra1+ 33. Kd2 e1Q+ 34. Kd3 Rd1+ 35. Kc2 Qd2# 0-1